[Event "Tourn. n9643"]
[Site "www.chess-mail.com"]
[Date "2018.06.29"]
[Round "1"]
[White "Pdebonis"]
[Black "Gvladutz"]
[WhiteElo "2700"]
[BlackElo "2500"]
[Result "1-0"]
[Round "1"]
1.e4 e5
2.Ng1f3 Nb8c6
3.Bf1b5 a6
4.Bb5xc6 dxc6
5.O-O Qd8d6
6.Nb1a3 Bc8e6
7.Qd1e2 f6
8.Rf1d1 O-O-O
9.Na3c4 Qd6e7
10.b3 g5
11.Bc1b2 g4
12.Nf3e1 h5
13.d4 exd4
14.Rd1xd4 Rd8xd4
15.Bb2xd4 Ng8h6
16.Ne1d3 Be6xc4
17.bxc4 Nh6f5
18.c3 Bf8h6
19.Ra1e1 Nf5d6
20.f3 Rh8e8
21.fxg4 Qe7f7
22.c5 Nd6xe4
23.Nd3f2 f5
24.gxh5 Bh6d2
25.Re1f1 Bd2xc3
26.Bd4xc3 Ne4xc3
27.Qe2f3 Nc3e2
28.Kh1 Ne2d4
29.Qf3d3 Qf7d5
30.h6 Qd5xc5
31.Nf2h3 Qc5e5
32.h7 Qe5g7
33.Nh3g5 c5
34.Qd3h3 b6
35.Qh3h5 Re8h8
36.Rf1e1 Nd4c2
37.Qh5e8 Kb7
38.Qe8e7 Qg7d4
39.Re1b1 Nc2e3
40.h3 Ne3d1
41.Ng5e6 Nd1f2
42.Kg1 Nf2xh3
43.Kh1 Qd4d6
44.Qe7xd6 cxd6
45.gxh3 Rh8xh7
46.Kg2 Rh7h6
47.Ne6f4 Kc6
48.Kf3 d5
49.Rb1g1 d4
50.Rg1g6 Rh6xg6
51.Nf4xg6 Kd6
52.h4 Ke6
53.Ng6f4 Kf7
54.Nf4d5 b5
55.Nd5c7 c4
56.Nc7xa6 Kg6
57.Na6b4 Kh5
58.Nb4d5 Kxh4
59.Kf4 d3
60.a3 Kh3
61.Kf3 Kh2
62.Nd5c3 d2
63.Ke3 Kg2
64.Kxd2 f4
65.Nc3xb5 f3
66.Nb5d6 f2
67.Nd6xc4 Kf3
68.Nc4e3 Ke4
69.Ke2 f1Q
70.Ne3xf1 Kd4
71.Nf1d2 Kc5
72.Kd3 Kb5
73.Nd2c4 Ka4
74.Kd4 Kb5
75.Kd5 Ka6
76.Kc5 Kb7
77.a4 Ka6
78.a5 Kb7
79.Kb5 Kc8
80.Kc6 Kb8
81.Kb6 Ka8
82.Nc4d6 Kb8
83.a6 Ka8
84.Nd6b5 Kb8
85.a7 Kc8
86.a8Q Kd7
87.Qa8e4 Kd8
88.Kc6 Kc8
89.Qe4e8 { time. }
1-0

[Event "Tourn. n9787"]
[Site "www.chess-mail.com"]
[Date "2018.06.29"]
[Round "1"]
[White "Ditto"]
[Black "Reda"]
[WhiteElo "1790"]
[BlackElo "1790"]
[Result "0-1"]
[Round "1"]
1.e4 e5
2.Ng1f3 Nb8c6
3.Bf1c4 h6
4.d3 Bf8c5
5.c3 Ng8f6
6.Qd1b3 Qd8e7
7.Nb1d2 Nc6a5
8.Qb3d1 Nf6g4
9.O-O Na5xc4
10.dxc4 d6
11.b4 Bc5b6
12.Bc1b2 O-O
13.Nf3e1 Qe7f6
14.Nd2f3 Qf6g6
15.Bb2a3 Qg6xe4
16.Qd1b3 Bc8e6
17.Ba3c1 Be6xc4
18.Qb3b2 Bc4xf1
19.Kxf1 Qe4c4
20.Qb2e2 Qc4xe2
21.Kxe2 Ng4xf2
22.Bc1d2 Nf2e4
23.a4 a6
24.a5 Bb6a7
25.Bd2c1 Ne4xc3
26.Kf1 Nc3d5
27.Bc1b2 Nd5e3
28.Ke2 Ne3d5
29.Ra1c1 c6
30.Rc1c4 Nd5f4
31.Kd1 Nf4d3
32.Ne1xd3 d5
33.Rc4c2 e4
34.Nf3e5 exd3
35.Ne5xd3 Rf8e8
36.g3 Re8e3
37.Nd3f4 Re3f3
38.Bb2e5 f6
39.Be5b2 Rf3f1
40.Kd2 Ra8e8
41.h4 Rf1f3
42.Nf4e2 Ba7f2
43.Kd1 Bf2xg3
44.Bb2d4 Rf3d3
45.Kc1 Re8xe2
46.Rc2xe2 Rd3xd4
47.h5 Rd4xb4
48.Kc2 Bg3e5
49.Kd3 Kf7
50.Re2g2 Rb4a4
51.Rg2e2 Ra4xa5
52.Re2f2 Ra5a4
53.Rf2f1 c5
54.Rf1b1 b5
55.Rb1c1 c4
56.Kc2 d4
57.Rc1f1 Ra4a3
58.Kb2 Ra3b3
59.Kc2 d3
60.Kc1 a5
61.Rf1d1 b4
62.Rd1d2 Be5f4
{ resign }
0-1

[Event "Match"]
[Site "www.echecsemail.com"]
[Date "2018.06.29"]
[Round "1"]
[White "Tonino1"]
[Black "Karlgrocer"]
[WhiteElo "2230"]
[BlackElo "1980"]
[Result "1-0"]
[Round "1"]
1.d4 d5
2.f4 e6
3.e3 Ng8f6
4.Bf1d3 Bf8e7
5.Ng1f3 O-O
6.O-O b6
7.Qd1e2 Bc8b7
8.c3 Nb8d7
9.Nf3e5 c5
10.Nb1d2 c4
11.Bd3c2 a5
12.g4 b5
13.g5 Nf6e8
14.Rf1f3 Nd7xe5
15.fxe5 Be7xg5
16.Rf3h3 g6
17.a3 Ne8g7
18.Nd2f3 Bg5e7
19.e4 a4
20.Bc1h6 dxe4
21.Bc2xe4 Bb7xe4
22.Qe2xe4 Rf8e8
23.Ra1f1 Ng7f5
24.Bh6d2 Nf5g7
25.Kh1 Ng7h5
26.Rh3xh5 gxh5
27.Rf1g1 Kh8
28.Nf3g5 Be7xg5
29.Bd2xg5 { resign }
1-0

[Event "Match"]
[Site "www.echecsemail.com"]
[Date "2018.06.29"]
[Round "1"]
[White "Numanoid"]
[Black "Tonino1"]
[WhiteElo "2550"]
[BlackElo "2210"]
[Result "1/2-1/2"]
[Round "1"]
1.b4 d6
2.Bc1b2 Ng8f6
3.g3 c6
4.Bf1g2 Qd8c7
5.Ng1f3 g6
6.O-O Bf8g7
7.c4 O-O
8.d3 e5
9.a4 h6
10.c5 e4
11.cxd6 Qc7xd6
12.dxe4 Qd6xd1
13.Rf1xd1 Nf6xe4
14.Bb2xg7 Kxg7
15.Nf3e5 Ne4f6
16.Nb1c3 { draw }
1/2-1/2

[Event "Tourn. n9807"]
[Site "www.echecsemail.com"]
[Date "2018.06.29"]
[Round "1"]
[White "Numanoid"]
[Black "Paulsyd"]
[WhiteElo "2480"]
[BlackElo "2510"]
[Result "1/2-1/2"]
[Round "1"]
1.e4 d6
2.d4 Ng8f6
3.Nb1c3 g6
4.Bf1e2 Bf8g7
5.Ng1f3 O-O
6.O-O Nb8c6
7.d5 Nc6b8
8.a4 Nb8d7
9.Nf3d4 Nd7c5
10.f3 e5
11.dxe6 Nc5xe6
12.Bc1e3 c6
13.Nd4xe6 Bc8xe6
14.f4 Rf8e8
15.Qd1d2 d5
16.e5 Nf6g4
17.Be3d4 f6
18.Ra1e1 fxe5
19.Be2xg4 Be6xg4
20.Bd4xe5 { draw }
1/2-1/2

[Event "Match"]
[Site "www.echecsemail.com"]
[Date "2018.06.29"]
[Round "1"]
[White "Caspito"]
[Black "Enting"]
[WhiteElo "1920"]
[BlackElo "1809"]
[Result "1-0"]
[Round "1"]
1.e4 e5
2.Ng1e2 Ng8f6
3.f4 Nf6xe4
4.d4 exf4
5.Ne2xf4 Qd8h4
6.g3 Ne4xg3
7.hxg3 Qh4xh1
8.Qd1e2 Kd8
9.Nb1c3 Bf8b4
10.Bc1e3 Rh8e8
11.O-O-O Bb4xc3
12.Bf1g2  { time }
1-0

[Event "Tourn. n9862"]
[Site "www.echecsemail.com"]
[Date "2018.06.29"]
[Round "1"]
[White "Piekki"]
[Black "Rons"]
[WhiteElo "2280"]
[BlackElo "2640"]
[Result "0-1"]
[Round "1"]
1.e4 c5
2.Ng1f3 d6
3.d4 cxd4
4.Nf3xd4 Ng8f6
5.Nb1c3 a6
6.h3 e5
7.Nd4f3 Nb8d7
8.Bc1e3 Bf8e7
9.a4 Qd8c7
10.a5 Nd7c5
11.Nc3d5 Qc7c6
12.Be3xc5 Qc6xc5
13.Nd5xe7 Kxe7
14.Bf1d3 d5
15.Qd1e2 dxe4
16.Bd3xe4 Qc5b4
17.Nf3d2 Nf6xe4
18.Qe2xe4 Qb4xe4
19.Nd2xe4 Rh8d8
20.Ra1d1 Bc8f5
{ resign }
0-1

[Event "Match"]
[Site "www.echecsemail.com"]
[Date "2018.06.29"]
[Round "1"]
[White "Ditto"]
[Black "Guillaumefi"]
[WhiteElo "1820"]
[BlackElo "1710"]
[Result "0-1"]
[Round "1"]
1.e4 c5
2.Ng1f3 d6
3.Bf1c4 h6
4.d3 Bc8g4
5.Bc1f4 e6
6.Nb1d2 Ng8f6
7.Bc4b5 Nb8d7
8.Qd1e2 g5
9.Bf4g3 a6
10.Bb5a4 b5
11.Ba4b3 a5
12.a3 Nd7e5
13.Bg3xe5 dxe5
14.O-O a4
15.Bb3a2 b4
16.axb4 cxb4
17.Ba2c4 Bf8d6
18.Bc4b5 Nf6d7
19.Bb5xa4 O-O
20.b3 Nd7c5
21.h3 Bg4xf3
22.Qe2xf3 Nc5xa4
23.bxa4 f5
24.Qf3d1 Qd8e8
25.Qd1h5 Qe8xh5
26.Nd2c4 Bd6c7
27.Rf1e1 fxe4
28.dxe4 Ra8d8
29.Nc4e3 Rd8d2
30.Re1f1 Bc7b6
31.Ne3d1 Qh5f7
32.Ra1b1 Bb6xf2
33.Kh2 Bf2g3
34.Kxg3 Qf7xf1
{ resign }
0-1

[Event "Match"]
[Site "www.echecsemail.com"]
[Date "2018.06.29"]
[Round "1"]
[White "Whitekknight"]
[Black "Irene"]
[WhiteElo "1910"]
[BlackElo "2020"]
[Result "1-0"]
[Round "1"]
1.e4 e5
2.Ng1f3 d6
3.Nb1c3 Ng8f6
4.Bf1c4 a6
5.Nf3g5 d5
6.exd5 Nf6xd5
7.Ng5xf7 Kxf7
8.Qd1f3 Ke8
9.Bc4xd5 Qd8f6
10.Bd5xb7 Bc8xb7
11.Qf3xb7 Qf6c6
12.Qb7xc6 Nb8xc6
13.O-O Bf8c5
14.Nc3e4 Bc5b6
15.c3 Rh8f8
16.d3 Ra8d8
17.Rf1d1 Ke7
18.Bc1g5 Ke6
19.Bg5h4 Rd8b8
20.Rd1f1 Bb6a7
21.b4 Rf8f4
22.Bh4g3 Rf4f5
23.Ra1e1 Kd5
24.Re1d1 h5
25.Rf1e1 g5
26.h3 h4
27.Bg3h2 Rb8f8
28.Re1f1 Rf8g8
29.Rf1e1  { time }
1-0

[Event "Match"]
[Site "www.echecsemail.com"]
[Date "2018.06.29"]
[Round "1"]
[White "Karlgrocer"]
[Black "Enting"]
[WhiteElo "1970"]
[BlackElo "1809"]
[Result "1-0"]
[Round "1"]
1.d4 Ng8f6
2.e3 d5
3.Ng1f3 Bc8f5
4.Bf1e2 Nb8c6
5.O-O Nc6b4
6.Nb1a3 Nf6e4
7.c3 Nb4c6
8.Na3c2 f6
9.Nf3d2 Ne4xd2
10.Bc1xd2 e5
11.Be2b5  { time }
1-0

[Event "Match"]
[Site "www.echecsemail.com"]
[Date "2018.06.29"]
[Round "1"]
[White "Eeze"]
[Black "Gambitcat"]
[WhiteElo "1749"]
[BlackElo "1809"]
[Result "1-0"]
[Round "1"]
1.e4 c6
2.d4 d5
3.e5 c5
4.c3 cxd4
5.cxd4 Nb8c6
6.Ng1f3 a6
7.Nb1c3 Bc8f5
8.h3 e6
9.a3 h6
10.Bf1d3 Bf5xd3
11.Qd1xd3 Ng8e7
12.O-O Ne7f5
13.Nc3e2 Bf8e7
14.b4 b5
15.Bc1b2 O-O
16.Ra1c1 Ra8c8
17.Rc1c2 Nf5h4
18.Nf3xh4 Be7xh4
19.Qd3e3 Bh4e7
20.Rf1c1 Qd8d7
21.f4  { time }
1-0

[Event "Match"]
[Site "www.echecsemail.com"]
[Date "2018.06.29"]
[Round "1"]
[White "Lucid1963"]
[Black "Storzman"]
[WhiteElo "1719"]
[BlackElo "1579"]
[Result "1/2-1/2"]
[Round "1"]
1.e4 e6
2.d4 d5
3.Nb1c3 Ng8f6
4.Bc1g5 Bf8e7
5.e5 Nf6e4
6.Bg5xe7 Qd8xe7
7.Nc3xe4 dxe4
8.c3 Bc8d7
9.Qd1g4 g6
10.Qg4xe4 Nb8c6
11.Ng1f3 f5
12.exf6 Qe7xf6
13.d5 Nc6e7
14.Bf1c4 Qf6f5
15.Qe4xf5 exf5
16.Nf3e5 Rh8f8
17.Ne5xd7 Kxd7
18.O-O Ne7c8
19.Bc4b5 Kd6
20.Ra1d1 Nc8b6
21.c4 a6
22.b4 axb5
23.c5 Kd7
24.cxb6 c6
25.dxc6 Kxc6
26.Rd1d2 Kxb6
27.Rf1d1 Rf8f7
28.Rd1c1 Rf7c7
29.Rc1xc7 Kxc7
30.h4 { draw }
1/2-1/2

[Event "Tourn. n9867"]
[Site "www.echecsemail.com"]
[Date "2018.06.29"]
[Round "1"]
[White "Bojan"]
[Black "Alekpax"]
[WhiteElo "2100"]
[BlackElo "1859"]
[Result "0-1"]
[Round "1"]
1.e4 e5
2.Ng1f3 Nb8c6
3.c3 d5
4.exd5 Qd8xd5
5.h3 e4
6.Nf3h2 Nc6e5
7.Qd1b3 Ng8f6
8.c4 Qd5e6
9.Nb1c3 Bf8c5
10.Bf1e2 Ne5d3
11.Kf1 Nd3xf2
12.Qb3b5 Nf6d7
13.b4 c6
14.Qb5xc5 Nd7xc5
15.Kxf2 Qe6f6
16.Ke1 Nc5a4
17.Ra1b1 Qf6h4
18.Kd1 Na4xc3
19.dxc3 Qh4f2
20.Be2f1 Bc8g4
21.Nh2f3 Ra8d8
{ resign }
0-1

[Event "Match"]
[Site "www.echecsemail.com"]
[Date "2018.06.29"]
[Round "1"]
[White "Gegonz"]
[Black "Jovaras"]
[WhiteElo "2130"]
[BlackElo "2220"]
[Result "1-0"]
[Round "1"]
1.e4 c5
2.Ng1f3 d6
3.d4 cxd4
4.Nf3xd4 Ng8f6
5.Nb1c3 a6
6.Bc1g5 Nb8d7
7.f4 b5
8.Bf1d3 Bc8b7
9.Qd1e2 Qd8b6
10.Nd4b3 e6
11.O-O-O Bf8e7
12.e5 Nf6d5
13.Nc3xd5 Bb7xd5
14.Bg5xe7 Kxe7
15.Bd3e4 Bd5xe4
16.exd6 Kf8
17.Qe2xe4 Ra8c8
18.Kb1 g6
19.Qe4d4 Qb6xd4
20.Rd1xd4 Kg7
21.Rh1e1 Rh8e8
22.a4 bxa4
23.Rd4xa4 Rc8c6
24.Re1d1 Re8d8
25.Nb3a5 Rc6b6
26.c3 Nd7c5
27.Ra4d4 Rb6b5
28.Na5c6 Rd8d7
29.b4 Nc5b7
30.Nc6e5 Rd7d8
31.d7 Rb5b6
32.Rd4c4 f6
33.Ne5c6 Rd8f8
34.d8Q { resign }
1-0

[Event "Tourn. n9807"]
[Site "www.echecsemail.com"]
[Date "2018.06.29"]
[Round "1"]
[White "Krystek23"]
[Black "Numanoid"]
[WhiteElo "2520"]
[BlackElo "2480"]
[Result "1-0"]
[Round "1"]
1.c4 e5
2.Nb1c3 Ng8f6
3.d3 Bf8b4
4.Bc1d2 O-O
5.a3 Bb4xc3
6.Bd2xc3 d6
7.e3 Nb8c6
8.Ng1f3 Rf8e8
9.Bf1e2 a5
10.O-O a4
11.h3 Bc8f5
12.Nf3d2 Bf5g6
13.f4 exf4
14.e4 Nf6d7
15.Rf1xf4 Nd7c5
16.Rf4f2 Qd8g5
17.Qd1f1 Nc5e6
18.Ra1e1 Nc6e5
19.Kh2 Qg5e3
20.Re1d1 { resign }
1-0

[Event "Match"]
[Site "www.echecsemail.com"]
[Date "2018.06.29"]
[Round "1"]
[White "Luzhin"]
[Black "Numanoid"]
[WhiteElo "2450"]
[BlackElo "2480"]
[Result "1-0"]
[Round "1"]
1.e4 d6
2.d4 Ng8f6
3.Nb1c3 g6
4.Ng1f3 Bf8g7
5.Bf1e2 O-O
6.O-O c6
7.a4 Qd8c7
8.Bc1g5 e5
9.dxe5 dxe5
10.Bg5e3 Rf8d8
11.Qd1c1 Bc8g4
12.h3 Bg4xf3
13.Be2xf3 Nb8d7
14.Rf1d1 Bg7f8
15.Bf3e2 Nd7c5
16.f3 Nc5e6
17.Be2c4 Ne6d4
18.Rd1d2 Nf6h5
19.Kh2 Bf8c5
20.Qc1e1 Qc7b6
21.Be3g5 Qb6xb2
22.Nc3a2 { resign }
1-0

[Event "Match"]
[Site "www.echecsemail.com"]
[Date "2018.06.29"]
[Round "1"]
[White "Gimmyg"]
[Black "J1j6"]
[WhiteElo "2510"]
[BlackElo "1809"]
[Result "1-0"]
[Round "1"]
1.Nb1c3 c5
2.e4 e6
3.Ng1f3 Nb8c6
4.Bf1b5 Qd8c7
5.O-O Nc6d4
6.Nf3xd4 cxd4
7.Nc3e2 Bf8c5
8.Bb5d3 b6
9.b4 Bc5xb4
10.Ne2xd4 Ng8f6
11.Nd4b5 Qc7e5
12.Bc1b2 Qe5b8
13.a3 Bb4e7
14.e5 Nf6d5
15.c4 Nd5f4
16.Bd3e4 Bc8b7
17.Qd1f3 Bb7xe4
18.Qf3xe4 a6
19.Qe4xa8 { resign }
1-0

[Event "Tourn. n9836"]
[Site "www.echecsemail.com"]
[Date "2018.06.29"]
[Round "1"]
[White "Tartan"]
[Black "Piekki"]
[WhiteElo "2500"]
[BlackElo "2200"]
[Result "1-0"]
[Round "1"]
1.e4 c6
2.d4 d5
3.Nb1c3 dxe4
4.Nc3xe4 Bc8f5
5.Ne4g3 Bf5g6
6.Ng1f3 Nb8d7
7.h4 h6
8.h5 Bg6h7
9.Bf1d3 Bh7xd3
10.Qd1xd3 Ng8f6
11.Bc1f4 e6
12.O-O-O Qd8a5
13.Kb1 Nf6d5
14.Bf4d2 Qa5c7
15.c4 Nd5b4
16.Qd3b3 a5
17.a3 Nb4a6
18.Qb3a4 Bf8e7
19.Qa4xa5 b6
20.Qa5c3 O-O
21.Qc3c1 Kh7
22.Rh1e1 Rf8b8
23.Ng3e4 b5
24.Bd2f4 { resign }
1-0

[Event "Match"]
[Site "www.echecsemail.com"]
[Date "2018.06.29"]
[Round "1"]
[White "Fangshuo"]
[Black "J1j6"]
[WhiteElo "2140"]
[BlackElo "1809"]
[Result "1-0"]
[Round "1"]
1.e4 g5
2.d4 e6
3.Qd1h5 Bf8e7
4.e5 d6
5.Ng1f3 h6
6.Nb1c3 d5
7.h4 gxh4
8.Nf3xh4 Be7xh4
9.Rh1xh4 Qd8e7
10.Bc1g5 hxg5
11.Qh5xh8 gxh4
12.Qh8xg8 Qe7f8
13.Qg8h7 Qf8e7
14.Qh7h8 Kd7
15.O-O-O b6
16.Bf1b5 c6
17.Bb5a4 Bc8b7
18.Rd1h1 Nb8a6
19.Qh8xh4 Qe7xh4
20.Rh1xh4 b5
21.Ba4b3 Ra8g8
22.g4 Na6c7
23.Nc3e2 a5
24.c3 Bb7a6
25.Bb3d1 Ba6c8
26.Ne2g3 Nc7a6
27.Ng3h5 Kc7
28.Nh5f6 Rg8f8
29.Rh4h7 b4
30.g5 Kb8
31.Bd1h5 c5
32.Bh5xf7 bxc3
33.bxc3 cxd4
34.cxd4 Na6b4
35.Kb1 Nb4d3
36.g6 Bc8a6
37.g7 Rf8c8
38.Rh7h8 Kb7
39.Rh8xc8 Kxc8
40.Bf7xe6 Kc7
41.g8Q { resign }
1-0

[Event "1/64 Finale"]
[Site "www.chess-mail.com"]
[Date "2018.06.29"]
[Round "1"]
[White "Reignblowcan"]
[Black "Numanoid"]
[WhiteElo "2139"]
[BlackElo "2490"]
[Result "1-0"]
[Round "1"]
1.d4 d5
2.Bc1g5 f6
3.Bg5f4 Nb8c6
4.Ng1f3 g5
5.Bf4g3 h5
6.h3 Ng8h6
7.e3 Nh6f5
8.Bg3h2 e5
9.dxe5 g4
10.Nf3d2 g3
11.Bh2xg3 Nf5xg3
12.fxg3 fxe5
13.Bf1b5 Bc8e6
14.Qd1e2 Qd8g5
15.Nd2f1 Bf8h6
16.Bb5xc6 bxc6
17.Nb1d2 Ra8b8
18.O-O-O e4
19.Nd2b3 O-O
20.Rd1e1 Rb8b6
21.c3 { resign }
1-0

[Event "Fast Game"]
[Site "www.echecsemail.com"]
[Date "2018.06.29"]
[Round "1"]
[White "Alekpax"]
[Black "Dougbeer"]
[WhiteElo "1759"]
[BlackElo "1929"]
[Result "1-0"]
[Round "1"]
1.e4 e6
2.Ng1f3 d5
3.e5 c5
4.c3 Nb8c6
5.d4 Bc8d7
6.Bf1e2 f6
7.O-O fxe5
8.Nf3xe5 Nc6xe5
9.dxe5 Qd8c7
10.c4 d4
11.Be2d3 O-O-O
12.Qd1e2 Ng8e7
13.Nb1d2 Ne7c6
14.Nd2e4 Qc7xe5
15.f4 Qe5c7
16.Ne4g5 Bf8d6
17.Ng5f7 e5
18.fxe5 Bd6xe5
19.Qe2h5 g6
20.Qh5h4 Nc6b4
21.Bd3e4 d3
22.Kh1 Bd7e6
23.Nf7xd8 Qc7xd8
24.Bc1g5 Qd8d4
25.Ra1e1 Qd4xc4
26.Qh4h6 Kc7
27.a3 Nb4c2
28.Bg5f4 Kb6
29.Bf4xe5 Nc2xe1
30.Rf1xe1 Rh8d8
31.Qh6xh7 Be6f7
32.Qh7h4 Rd8e8
33.b3 Qc4xb3
34.Qh4f6 Ka5
35.Be4xd3 Qb3xd3
36.Qf6xf7 Re8xe5
37.Qf7c7 { resign }
1-0

[Event "Tourn. n9670"]
[Site "www.chess-mail.com"]
[Date "2018.06.30"]
[Round "1"]
[White "Numanoid"]
[Black "Stepanpech"]
[WhiteElo "2410"]
[BlackElo "2400"]
[Result "1/2-1/2"]
[Round "1"]
1.d4 Ng8f6
2.Bc1g5 Nf6e4
3.Bg5h4 c5
4.f3 g5
5.fxe4 gxh4
6.e3 Bf8h6
7.Qd1d3 Nb8c6
8.Ng1f3 Qd8b6
9.Nb1a3 h3
10.g3 Qb6xb2
11.Ra1b1 Qb2xa2
12.Qd3c3 cxd4
13.exd4 Qa2e6
14.d5 Qe6xe4
15.Kf2 O-O
16.dxc6 Bh6g7
17.Rb1e1 Bg7xc3
18.Re1xe4 bxc6
19.Re4g4 Kh8
20.Rg4c4 Bc3b2
21.Rc4a4 d5
22.Bf1a6 Bc8xa6
23.Ra4xa6 Rf8b8
24.Ke2 Rb8b6
25.Ra6a5 Bb2c3
26.Ra5a4 Rb6b2
27.Na3b1 Bc3f6
28.Rh1c1 a5
29.Nb1d2 Rb2b4
30.Ra4a2 a4
31.c3 Rb4b5
32.Nf3g1 a3
33.Ng1xh3 Kg7
34.Nh3f4 Rb5b2
35.Ra2xb2 axb2
36.Rc1c2 Ra8a2
37.Nd2b1 Bf6g5
38.Kd1 Bg5xf4
39.gxf4 { draw }
1/2-1/2

[Event "Tourn. n9712"]
[Site "www.chess-mail.com"]
[Date "2018.06.30"]
[Round "1"]
[White "Sportuga"]
[Black "Jaroslavpech"]
[WhiteElo "2380"]
[BlackElo "2390"]
[Result "1/2-1/2"]
[Round "1"]
1.c4 e5
2.Nb1c3 Nb8c6
3.Ng1f3 f5
4.g3 Ng8f6
5.d3 d6
6.Bf1g2 g6
7.O-O Bf8g7
8.Qd1c2 O-O
9.Ra1b1 a5
10.a3 Rf8e8
11.b3 e4
12.dxe4 fxe4
13.Nf3g5 Bc8f5
14.Nc3xe4 Nf6xe4
15.Ng5xe4 Nc6d4
16.Qc2d3 c6
17.e3 Nd4e6
18.f3 Ne6c5
19.Qd3d1 Nc5xe4
20.fxe4 Bf5xe4
21.Bg2xe4 Re8xe4
22.Qd1d3 Qd8e7
23.b4 a4
24.b5 Qe7e6
25.bxc6 bxc6
26.Rb1b4 Bg7h6
27.Rf1e1 Bh6g5
28.Kg2 c5
29.Rb4b6 Qe6xc4
30.Rb6xd6 Qc4xd3
31.Rd6xd3 Re4c4
32.Kf3 Rc4c2
33.Rd3d2 Rc2c3
34.Rd2d7 Ra8f8
35.Ke2 c4
36.Kd2 Rc3b3
37.Ke2 Rf8e8
38.Kf3 Rb3c3
39.h4 Bg5h6
40.Rd7a7 Re8f8
41.Ke4 Rc3c2
42.Ra7xa4 Bh6g7
43.Re1g1 c3
44.Ra4c4 Rc2f2
45.a4 Rf8e8
46.Kd3 Re8d8
47.Ke4 Rf2a2
48.g4 { draw }
1/2-1/2

[Event "Tourn. n9769"]
[Site "www.chess-mail.com"]
[Date "2018.06.30"]
[Round "1"]
[White "Falcoale"]
[Black "Iko"]
[WhiteElo "1860"]
[BlackElo "1690"]
[Result "1-0"]
[Round "1"]
1.e4 e5
2.Ng1f3 Nb8c6
3.Bf1c4 Ng8f6
4.d3 d5
5.exd5 Nf6xd5
6.O-O Bc8g4
7.h3 Bg4xf3
8.Qd1xf3 Nc6d4
9.Qf3d1 b5
10.Bc4b3 Nd4xb3
11.axb3 Bf8d6
12.Nb1c3 c6
13.Nc3e4 f5
14.Ne4xd6 Qd8xd6
15.Bc1d2 Ra8d8
16.Ra1xa7 Qd6g6
17.c4 bxc4
18.Rf1e1 cxb3
19.Qd1xb3 O-O
20.Re1xe5 Rd8b8
21.Qb3c2 Qg6f6
22.d4 f4
23.b3 Nd5b4
24.Qc2c4 Rf8f7
25.Ra7xf7 Qf6xf7
26.Bd2xb4 Qf7xc4
27.bxc4 Rb8xb4
28.Re5c5 Rb4b1
29.Kh2 Rb1f1
30.Rc5xc6 Rf1xf2
31.Kg1 Rf2d2
32.d5 Rd2d1
33.Kh2 g5
34.d6 Rd1d2
35.Kg1 Rd2d1
36.Kf2 Rd1d2
37.Kf3 Kf8
38.c5 Ke8
39.Rc6c7 Kd8
40.Rc7xh7 Rd2c2
41.Rh7c7 Rc2c3
42.Kf2 Rc3c2
43.Kf3 Rc2c3
44.Kf2 Rc3c2
45.Kf3 Rc2c3
46.Kf2 Rc3c2
47.Kf3 Rc2c3
48.Ke4 Rc3g3
49.h4 f3
50.gxf3 gxh4
51.Rc7h7 Rg3h3
52.c6 Rh3h2
53.Rh7h8 
1-0

[Event "Tourn. n9786"]
[Site "www.chess-mail.com"]
[Date "2018.06.30"]
[Round "1"]
[White "Jaroslavpech"]
[Black "Drawlward"]
[WhiteElo "2460"]
[BlackElo "2550"]
[Result "1/2-1/2"]
[Round "1"]
1.d4 Ng8f6
2.c4 c5
3.d5 b5
4.cxb5 a6
5.bxa6 g6
6.Nb1c3 Bf8g7
7.e4 O-O
8.Ng1f3 Qd8a5
9.Nf3d2 Bc8xa6
10.Nd2b3 Qa5c7
11.Bf1e2 c4
12.Nb3d2 d6
13.O-O Nb8d7
14.a4 Rf8b8
15.Qd1c2 Rb8b4
16.Ra1a3 Nd7e5
17.Nc3a2 Rb4b7
18.Ra3c3 Qc7d7
19.f4 Ne5d3
20.Nd2xc4 Nd3xc1
21.Na2xc1 Nf6xe4
22.Qc2xe4 Bg7xc3
23.bxc3 Qd7xa4
24.f5 Ba6xc4
25.Be2xc4 Ra8c8
26.fxg6 hxg6
27.Qe4f3 e5
28.Bc4b3 Qa4a7
29.Kh1 Qa7a3
30.c4 f5
31.g4 Rc8f8
32.Qf3d3 Rb7h7
33.gxf5 Rf8xf5
34.Rf1g1 Rh7xh2
{ draw }
1/2-1/2

[Event "Tourn. n9798"]
[Site "www.chess-mail.com"]
[Date "2018.06.30"]
[Round "1"]
[White "Numanoid"]
[Black "Coolant"]
[WhiteElo "2450"]
[BlackElo "2330"]
[Result "1/2-1/2"]
[Round "1"]
1.b4 Ng8f6
2.Bc1b2 d6
3.g3 Nb8d7
4.Bf1g2 g6
5.c4 Bf8g7
6.Ng1f3 O-O
7.O-O e5
8.d3 a5
9.b5 Nd7c5
10.Nb1c3 e4
11.dxe4 Nf6xe4
12.Qd1c1 Rf8e8
13.Nc3d5 c6
14.Bb2xg7 Kxg7
15.Nd5f4 Qd8f6
16.e3 Bc8d7
17.Nf3d4 Qf6e5
18.Qc1c2 Ra8c8
19.Ra1c1 f5
20.Rf1d1 cxb5
21.Nd4xb5 Bd7c6
22.Nf4d5 Bc6xb5
23.cxb5 Ne4f6
24.Nd5b6 Rc8d8
25.Nb6c4 Qe5e7
26.Nc4xa5 Rd8a8
27.Na5c4 Re8d8
28.Nc4b6 Ra8a3
29.Bg2f1 h5
30.Nb6d5 { draw }
1/2-1/2

[Event "Tourn. n9868"]
[Site "www.echecsemail.com"]
[Date "2018.06.30"]
[Round "1"]
[White "Ffdd65"]
[Black "J1j6"]
[WhiteElo "2170"]
[BlackElo "2019"]
[Result "1-0"]
[Round "1"]
1.e4 c5
2.Bf1c4 e6
3.Nb1c3 f6
4.Ng1f3 a6
5.d4 cxd4
6.Nf3xd4 Bf8c5
7.Bc1e3 Bc5xd4
8.Be3xd4 Nb8c6
9.Bd4e3 Nc6e5
10.Bc4b3 Ng8e7
11.Qd1h5 Ne7g6
12.f4 Ne5f7
13.f5 Ng6e5
14.O-O-O exf5
15.exf5 Qd8e7
16.Nc3d5 Qe7d6
17.Nd5b6 g6
18.fxg6 Qd6f8
19.gxf7 Ne5xf7
20.Nb6xa8 { resign }
1-0

[Event "Match"]
[Site "www.echecsemail.com"]
[Date "2018.06.30"]
[Round "1"]
[White "J1j6"]
[Black "Eeze"]
[WhiteElo "1809"]
[BlackElo "1890"]
[Result "0-1"]
[Round "1"]
1.e4 e5
2.Ng1f3 d6
3.Bf1c4 h6
4.d4 exd4
5.Nf3xd4 Nb8c6
6.Qd1f3 Nc6e5
7.Qf3b3 Ng8f6
8.Bc4b5 Nf6d7
9.f4 Ne5g6
10.f5 Qd8h4
11.g3 Qh4xe4
12.Nd4e2 Qe4xh1
13.Kd2 Ng6e5
14.Nb1c3 Ne5f3
15.Kd3 c6
16.Bb5c4 Nd7c5
17.Ke3 Nc5xb3
{ resign }
0-1

[Event "Match"]
[Site "www.echecsemail.com"]
[Date "2018.06.30"]
[Round "1"]
[White "J1j6"]
[Black "Chapi"]
[WhiteElo "1699"]
[BlackElo "2180"]
[Result "0-1"]
[Round "1"]
1.f4 b6
2.e4 Bc8b7
3.Nb1c3 Ng8f6
4.d3 e6
5.Ng1f3 Bf8c5
6.Qd1e2 Nb8c6
7.Bc1e3 Qd8e7
8.Be3xc5 Qe7xc5
9.e5 Nf6g4
10.Nc3e4 Qc5a5
11.Nf3d2 f5
12.exf6 Ng4xf6
13.Ne4xf6 gxf6
14.c3 O-O-O
15.b4 Qa5f5
16.Qe2e3 Rd8g8
17.Rh1g1 Nc6e7
18.Nd2b3 Ne7d5
19.Qe3d2 Nd5xf4
20.O-O-O Rg8g7
21.g3 Nf4h3
22.Nb3d4 Qf5g4
23.Bf1e2 Qg4g5
24.Qd2xg5 Rg7xg5
25.Rg1f1 f5
26.Be2f3 h5
27.Bf3xb7 Kxb7
28.Nd4f3 Rg5g7
29.Nf3e5 d6
30.Ne5c4 h4
31.gxh4 Rh8xh4
32.Rf1f3 Rg7g2
33.Rd1e1 Rh4h6
34.Rf3g3 Rg2xa2
35.Re1e3 Ra2xh2
36.Rg3g7 e5
37.d4 e4
38.b5 Nh3f4
39.Nc4d2 Nf4d5
40.Re3g3 f4
41.Rg3g5 Nd5xc3
42.Rg5g4 e3
43.Nd2f3 Rh2f2
{ resign }
0-1

[Event "Tourn. n9857"]
[Site "www.echecsemail.com"]
[Date "2018.06.30"]
[Round "1"]
[White "J1j6"]
[Black "Cristiano"]
[WhiteElo "1809"]
[BlackElo "1920"]
[Result "0-1"]
[Round "1"]
1.f4 d6
2.Ng1f3 Ng8f6
3.d4 g6
4.Nb1c3 Bf8g7
5.e4 Nb8d7
6.Bc1e3 O-O
7.Bf1d3 e5
8.dxe5 dxe5
9.fxe5 Nf6g4
10.Be3f4 Ng4xe5
11.Nf3xe5 Nd7xe5
12.O-O c6
13.Bd3e2 Qd8b6
14.Kh1 Bc8e6
15.Ra1b1 Ra8d8
16.Qd1e1 Ne5g4
17.Be2xg4 Be6xg4
18.Qe1g3 Bg4e6
19.Bf4c7 Qb6c5
20.Bc7xd8 Rf8xd8
21.Rb1d1 Rd8c8
22.a3 b5
23.Rd1d3 Be6c4
24.Rd3f3 Bc4xf1
25.Rf3xf1 Qc5e7
26.Rf1e1 Bg7e5
27.Qg3f3 Qe7c7
28.g3 a5
29.Re1e3 Qc7b8
30.b4 axb4
31.axb4 Rc8d8
32.Re3d3 Qb8a8
33.Rd3xd8 Qa8xd8
34.h4 Qd8d2
35.Nc3e2 Qd2d1
36.Kg2 Qd1xc2
37.Kh3 Qc2c4
38.Ne2f4 Qc4xb4
39.Kg4 Qb4e7
{ resign }
0-1

[Event "Tourn. n9825"]
[Site "www.echecsemail.com"]
[Date "2018.06.30"]
[Round "1"]
[White "Reda"]
[Black "Julian"]
[WhiteElo "1800"]
[BlackElo "1860"]
[Result "1-0"]
[Round "1"]
1.d4 d5
2.Bc1f4 e6
3.Nb1c3 Bf8d6
4.Bf4xd6 Qd8xd6
5.Ng1f3 Ng8f6
6.e3 O-O
7.Bf1d3 Bc8d7
8.O-O c5
9.dxc5 Qd6xc5
10.Rf1e1 a6
11.e4 dxe4
12.Bd3xe4 Nf6xe4
13.Nc3xe4 Qc5c7
14.c3 Bd7c6
15.Qd1d6 Qc7xd6
16.Ne4xd6 Nb8d7
17.Nf3d4 Nd7c5
18.Nd4xc6 bxc6
19.b3 Rf8d8
20.Nd6c4 Rd8d3
21.Re1c1 Ra8d8
22.h3 Nc5e4
23.Nc4e5 Rd3xc3
24.Rc1d1 Rd8xd1
25.Ra1xd1 g5
26.f3 Ne4g3
27.Kh2 Ng3f5
28.Rd1d2 Nf5e3
29.Rd2d8 Kg7
30.Rd8a8 Rc3c2
{ time. }
1-0

[Event "Tourn. n9819"]
[Site "www.echecsemail.com"]
[Date "2018.06.30"]
[Round "1"]
[White "Falcoale"]
[Black "Kevinking"]
[WhiteElo "1980"]
[BlackElo "1870"]
[Result "1-0"]
[Round "1"]
1.e4 e6
2.d4 d5
3.e5 c5
4.c3 Nb8c6
5.Ng1f3 Qd8b6
6.b3 cxd4
7.cxd4 Ng8h6
8.Nb1c3 Bf8b4
9.Bc1b2 Nh6f5
10.a3 Bb4a5
11.b4 Nf5xd4
12.Nc3a4 Nd4xf3
13.Qd1xf3 Ba5xb4
14.axb4 Qb6xb4
15.Bb2c3 Qb4e7
16.Bf1b5 Bc8d7
17.O-O Nc6xe5
18.Bb5xd7 Ne5xd7
19.Bc3xg7 Rh8g8
20.Bg7b2 Qe7g5
21.Rf1e1 Ra8c8
22.Ra1d1 Kf8
23.Bb2a3 Kg7
24.Ba3c1 Qg5f6
25.Bc1b2 { resign }
1-0

[Event "Match"]
[Site "www.echecsemail.com"]
[Date "2018.06.30"]
[Round "1"]
[White "Enting"]
[Black "Guidom"]
[WhiteElo "1809"]
[BlackElo "2140"]
[Result "0-1"]
[Round "1"]
1.e3 e5
2.d4 exd4
3.exd4 d5
4.Qd1f3 c6
5.Bf1d3 Bf8e7
6.c4 Ng8f6
7.cxd5 Qd8xd5
8.Qf3xd5 Nf6xd5
9.Ng1f3 O-O
10.O-O Nd5b4
11.Nf3e1 Bc8e6
12.a3 Nb4d5
13.Nb1c3 Nd5xc3
14.bxc3 Nb8d7
15.Ne1f3 Be6d5
16.Nf3e5 Nd7xe5
 { time }
0-1